English Streamline - Connections (Workbook A)

Uloženo v:
Podrobná bibliografie
Hlavní autor: Bernard Hartley
Médium: Kniha
Jazyk:Undetermined
Vydáno: Oxford Oxford Univ. Press 1995
Témata:
Tagy: Přidat tag
Žádné tagy, Buďte první, kdo otaguje tento záznam!
Thư viện lưu trữ: Trung tâm Học liệu Trường Đại học Cần Thơ
LEADER 00605nam a2200193Ia 4500
001 CTU_27687
008 210402s9999 xx 000 0 und d
020 |b 18.000đ 
082 |a 428.076 
082 |b H332A/1995 
100 |a Bernard Hartley 
245 0 |a English Streamline - Connections (Workbook A) 
245 0 |c Bernard Hartley, Peter Viney 
260 |a Oxford 
260 |b Oxford Univ. Press 
260 |c 1995 
650 |a english language - problems, exercises, etc,english language - study and teaching 
904 |i Minh, 981231 
980 |a Trung tâm Học liệu Trường Đại học Cần Thơ